000 00795nam0a22002531 4500
001 rc\1154874
005 20250622201946.0
035 _a(NLR Aleph) 006399949
090 _a5235319
_c5235319
100 _a20041129d1980 |||y0rusy50 ca
101 0 _arus
102 _aRU
105 _ay |||||||||
200 1 _aКапуста
210 _aПермь
_cКн. изд-во
_d1980
215 _a40 с.
_d16
225 1 _aБиблиотечка овощевода
300 _aВлож. с 5-ю др. кн. в обертку с загл. сер.
700 1 _4570
_7ca
_8rus
_aПапонов
_bА. Н.
_f1931-2019
_gАлексей Николаевич
_9189483
_3RU\NLR\AUTH\770189534
801 0 _aRU
_bNLR
_gpsbo
801 1 _aRU
_bELAR
_2rusmarc
852 _aNLR
_j80-2/1996
942 _cBOOK
980 _aNB